000 03632cam a22012734i 4500
003 PE-LiUPU
005 20250813185514.0
008 150625s2005 pe a rb 000 0 spa d
020 _a9789972205460
020 _a9972205460
035 _a(Sirsi) i9789972205460
040 _aPE-LiUPU
_bspa
_cPE-LiUPU
_erda
049 _aPRUA
082 0 4 _a370
_bM28 T13
082 0 4 _a370.008
_bC
_221
100 1 _aMateo Andrés, Joan,
_eautor.
245 1 3 _aLa evaluación educativa, su práctica y otras metáforas.
_n13 /
_cJoan Mateo Andrés.
264 1 _aLima :
_bAlfaomega,
_c2005.
300 _a276 páginas :
_bilustraciones ;
_c21 centímetros.
336 _atext
_2rdacontent
337 _aunmediated
_2rdamedia
338 _avolume
_2rdacarrier
490 0 _aColección para educadores ;
_v13
504 _aColección referencias educativas.
505 0 _aLa evaluación educativa -- La evaluación del aprendizaje de los alumnos -- La evaluación del profesorado -- Hacia un modelo comprensivo de evaluación sistemática de la docencia -- La evaluación del currículum -- La evaluación de centros -- La evaluación institucional y la gestión de la calidad en las universidades -- La evaluación de los sistemas educativos.
526 _aP202
526 _aP201
526 _aP163
526 _aP162
526 _aP161
526 _aP160
526 _aP148
526 _aP147
526 _aP146
526 _aP145
526 _aP144
526 _aP143
526 _aP142
526 _aP141
526 _aP140
526 _aP139
526 _aP138
526 _aP137
526 _aP136
526 _aP135
526 _aP134
526 _aP133
526 _aP129
526 _aP128
526 _aP127
526 _aP120
526 _aP119
526 _aP118
526 _aP116
526 _aP115
526 _aP114
526 _aP110
526 _aP109
526 _aP108
526 _aP104
526 _aP103
526 _aP102
526 _aP99
526 _aP98
526 _aP97
526 _aP96
526 _aP95
526 _aP93
526 _aP90
526 _aP89
526 _aP88
526 _aP83
526 _aP82
526 _aP62
526 _aP59
526 _aP58
526 _aP57
526 _aP51
526 _aP49
526 _aP48
526 _aP47
526 _aP29
526 _aP24
526 _aP20
526 _aP19
526 _aP17
526 _aP15
526 _aP14
526 _aP12
526 _aP10
526 _aP09
526 _aP08
526 _aP07
526 _aP06
526 _aP05
526 _aP04
526 _aP01
650 0 4 _aEvaluación educativa.
910 _btqv
_cwelc
_d20161205
942 _2ddc
_cBOOK
949 _a370 M28 T13
_wDEWEY
_c1
_iFJ04688
_lCCODEBUJ1
_mBUJ
_p8.00
_r0
_sY
_tBOOK
_u2015-10-5
_xEDUCACION
_PP20
_0COMPRA
_o.STAFF. Colección General Juliaca
949 _a370.008 C 13
_wDEWEY
_c1
_i55829
_lCCODEBUL1
_mBUL
_p6.00
_r0
_sY
_tBOOK
_u2015-6-25
_xEDUCACION
_zUNKNOWN
_0COMPRA
_o.STAFF. Colección General
994 _aC0
_bPEPRU
596 _a1 3
999 _a370.008 C 13
_wDEWEY
_c44700
_i55829
_f2021-11-8
_g5
_lCCODEBUL1
_mBUL
_p6.00
_r0
_sY
_tBOOK
_u2015-6-25
_xEDUCACION
_zUNKNOWN
_0COMPRA
_o.STAFF. Colección General
_d44700
999 _a370 M28 T13
_wDEWEY
_c1
_iFJ04688
_d2019-4-3
_f2022-1-18
_g4
_lCCODEBUJ1
_mBUJ
_p8.00
_q1
_r0
_sY
_tBOOK
_u2015-10-5
_xEDUCACION
_PP20
_0COMPRA
_o.STAFF. Colección General Juliaca
980 _81
_gALBERTO SANCHEZ Responsable de Automatización